| 000 | 00562nam a22001697a 4500 | ||
|---|---|---|---|
| 005 | 20251108164839.0 | ||
| 008 | 250721s1994 xx 000 0 ara d | ||
| 082 | 1 | 4 | _a616.7/محم |
| 100 | 1 | _aبشتاوي، محمود سليمان | |
| 245 | 1 | 0 |
_aآلام الظهر : _bالأسباب و العلاج : دراسة طبية مبسطة / |
| 264 | 1 |
_aعمان : _bدار المكتبات للنشر العلمي، _c1994. |
|
| 300 | _a48ص | ||
| 650 | 1 | 7 | _aالجهاز الحركي |
| 650 | 1 | 7 | _aأمراض العظام |
| 942 |
_2ddc _cBK |
||
| 999 |
_c15766 _d15766 |
||